| 000 | 01357nam0a2200325 4500 | ||
|---|---|---|---|
| 001 | RU\NLR\BIBL_A\011466742 | ||
| 005 | 20240727033402.0 | ||
| 010 | _a9785448536830 | ||
| 021 |
_aRU _b2017-58504 _94152 |
||
| 035 | _a(RuMoRGB)008959024 | ||
| 035 | _a(NLR Aleph) 011466742 | ||
| 090 |
_a11833045 _c11833045 |
||
| 100 | _a20170906d2017 u y0rusy50 ca | ||
| 101 | 0 | _arus | |
| 102 | _aRU | ||
| 105 | _aa z yz | ||
| 200 | 1 |
_aВселенная одной Души _e[сборник рассказов и стихов] _fСветлана Красюк |
|
| 210 |
_a[Б. м.] _cИздательские решения _d2017 |
||
| 215 |
_a278, [1] с. _cил. _d22 |
||
| 300 | _aКнига создана в интеллектуальной издательской системе Ridero.ru | ||
| 327 | 1 | _aСодерж.: Филиппинский рассказ; Мама; Счастье; Новогодняя история; Выкинь мусор!; Романтический подарок; Память поколений; Как я проспорил; На халяву [и др.]; Стихи | |
| 333 | _a18+ | ||
| 686 |
_aШ5(2=Р)64-644 _2rubbk |
||
| 686 | 2 | _aШ6(2=Р)8я44 | |
| 700 | 1 |
_aКрасюк _bС. _f1973- _gСветлана |
|
| 942 | _cBOOK | ||
| 980 | _aNBR | ||